Equipe de France-Euro 2022 - Statistiques

Statistiques générales
  • Ce quiz a été pris 23 fois
  • Le résultat moyen est 9 sur 12
Statistiques - réponses
Hint Réponse % Correct
27 Rudy Gobert
100%
10 Evan Fournier
95%
7 Guerschon Yabusele
81%
93 Moustapha Fall
76%
4 Thomas Heurtel
76%
3 Timothé Luwawu-Cabarrot
71%
17 Vincent Poirier
71%
21 Andrew Albicy
67%
11 Théo Malédon
67%
22 Terry Tarpey
57%
2 Amath M’Baye
52%
0 Ellie Okobo
48%
Aucun quiz correspondant
Distribution des résultats
% des personnes avec chaque résultat
Percentile par nombre de réponses
Votre historique - résultats
Vous n’avez pas pris ce quiz